• 首页
  • 本馆介绍
  • 公告通知
  • 最新文献
  • 馆藏检索
  • 电子资源
  • 读者导购
  • 参考咨询
  • 我的图书馆
  • 登录
  • 详细信息显示
  • 放入我的书架
  • 预约/预借图书
  • 作者相关作品
  • 分类相关作品
  • 丛书相关作品
  • 出版社相关作品

书目信息

  • 表格格式
  • 工作单格式
  • 卡片格式
题名:
惊奇变革
    
 
作者: 海肯 著 ;陈南 译
分册:  
出版信息: 北京   中华工商联合出版社  2012
页数: 205页
开本: 24cm
丛书名: 工商智库丛书
单 册:
中图分类: F274
科图分类:
主题词: 企业管理--销售管理 , 企业管理 , 销售管理
电子资源:
ISBN: 978-7-5158-0271-8
000 01625nam0 22003371 450
001 523
005 20140909092115.96
010    @a978-7-5158-0271-8@dCNY28.00
100    @a20121029d2012 em y0chiy50 ea
101 1  @achi@ceng
102    @aCN@b110000
105    @ay z 000yy
106    @ar
200 1  @a惊奇变革@AJing Qi Bian Ge@dThe amazement revolution@e7步创造超级满意的客户体验@E7 Bu Chuang Zao Chao Ji Man Yi De Ke Hu Ti Yan@f(美)谢普·海肯(Shep Hyken)著@F( Mei ) Xie Pu· Hai Ken (Shep Hyken) Zhu@g陈南译@zeng
210    @a北京@c中华工商联合出版社@d2012
215    @a205页@d24cm
225 2  @a工商智库丛书
300    @a东方智库 新思维读本 003
312    @a版权页英文题名:The amazement revolution: seven customer service strategies to create an amazing customer (and employee) experience
330    @a本书共4章,内容包括:狂热:客户成了传播者;大师:我们的职责是提供帮助;榜样:任何规模的组织都可以运用惊奇7战略;自省:创建出自己的行动清单。书中详细解读了通过7步创造超级满意的客户体验,包括:提供会员服务、保持乐趣、建立伙伴关系、招聘合适的人、创建难忘体验、建立传播团体、言行一致。
461  0 @12001 @a工商智库丛书
510 1  @aAmazement revolution@eseven customer service strategies to create an amazing customer (and employee) experience@zeng
517 1  @a7步创造超级满意的客户体验@A7Bu Chuang Zao Chao Ji Man Yi De Ke Hu Ti Yan
606 0  @a企业管理@x销售管理
606 0  @a企业管理
606 0  @a销售管理
690    @aF274@v5
701  0 @c(美)@a海肯@AHai Ken@c(Hyken, Shep)@4著
702  0 @a陈南@AChen Nan@4译
801  0 @aCN@bTANGWEI@c20140603
905    @b0837180-82@dF274@e1064@f3
    
    惊奇变革=The amazement revolution:7步创造超级满意的客户体验/(美)谢普·海肯(Shep Hyken)著/陈南译.-北京:中华工商联合出版社,2012
    205页;24cm.-(工商智库丛书)
    东方智库 新思维读本 003
    
    ISBN 978-7-5158-0271-8:CNY28.00
    本书共4章,内容包括:狂热:客户成了传播者;大师:我们的职责是提供帮助;榜样:任何规模的组织都可以运用惊奇7战略;自省:创建出自己的行动清单。书中详细解读了通过7步创造超级满意的客户体验,包括:提供会员服务、保持乐趣、建立伙伴关系、招聘合适的人、创建难忘体验、建立传播团体、言行一致。
●
相关链接 在E读中查询图书 在五车中查询图书 在当当中查询图书 在豆瓣中查询图书


正题名:惊奇变革     索取号:F274/1064         预约/预借

序号 登录号 条形码 馆藏地/架位号 状态 备注
1 0837180   208371803   第一样本阅览室/ [索取号:F274/1064] 在馆    
2 0837181   208371812   密集书库-海洋学院/ [索取号:F274/1064] 在馆    
3 0837182   208371821   第一借阅区/ [索取号:F274/1064] 在馆    
唐山师范学院图书馆 欢迎您!
大连网信软件有限公司© 版权所有